30 plus grandes villes des Hauts-de-France - Statistiques

Statistiques générales
  • Ce quiz a été pris 77 fois
  • Le résultat moyen est 19 sur 31
Statistiques - réponses
Top Département Nbre Commune % Correct
1 Nord 238k Lille
100%
2 Somme 136k Amiens
97%
6 Pas-de-Calais 67k Calais
94%
5 Nord 86k Dunkerque
94%
17 Pas-de-Calais 32k Lens
93%
4 Nord 98k Tourcoing
93%
3 Nord 98k Roubaix
91%
11 Pas-de-Calais 42k Arras
87%
8 Oise 55k Beauvais
87%
10 Nord 43k Valenciennes
84%
9 Aisne 52k Saint-Quentin
80%
13 Pas-de-Calais 40k Boulogne-sur-Mer
78%
26 Aisne 24k Laon
71%
7 Nord 62k Villeneuve-d'Ascq
68%
12 Oise 40k Compiègne
64%
14 Nord 40k Douai
64%
25 Pas-de-Calais 25k Béthune
58%
18 Nord 31k Cambrai
58%
20 Nord 28k Maubeuge
58%
28 Somme 22k Abbeville
55%
16 Oise 36k Creil
55%
21 Aisne 28k Soissons
52%
12 Nord 40k Wattrelos
41%
15 Nord 40k Marcq-en-Barœul
39%
19 Pas-de-Calais 30k Liévin
38%
23 Nord 26k Armentières
33%
24 Pas-de-Calais 25k Hénin-Beaumont
30%
22 Nord 27k Lambersart
26%
27 Nord 22k Loos
25%
30 Nord 21k La Madeleine
17%
29 Oise 21k Nogent-sur-Oise
13%
Aucun quiz correspondant
Distribution des résultats
% des personnes avec chaque résultat
Percentile par nombre de réponses
Votre historique - résultats
Vous n’avez pas pris ce quiz